[Event "DEM U12/U12w 2009"]
[Site "Willingen GER"]
[Date "2009.06.02"]
[Round "5"]
[White "Kreyssig, Robert"]
[Black "Damm, Nils"]
[Result "1-0"]
[Termination "normal"]
[Board "23"]
[WhiteElo "1787"]
[BlackElo "1458"]
[PlyCount "105"]
[WhiteFideId "4662881"]
[BlackFideId "24693065"]
[EventCountry "GER"]
[EventRounds "11"]
[EventType "swiss"]
[EventDate "2009.05.30"]

1. d4 d5 2. c4 Nc6 3. Nf3 Bg4 4. cxd5 Bxf3 5. gxf3 Qxd5 6. e3 e5 7. Nc3 Bb4 8.
Bd2 Bxc3 9. bxc3 Qd6 10. Rb1 Rb8 11. f4 exf4 12. e4 Nge7 13. Qf3 Ng6 14. h4 h5
15. e5 Qd7 16. Bb5 Ke7 17. Bxf4 Nxf4 18. Qxf4 Qg4 19. Qxg4 hxg4 20. Be2 f6 21.
exf6+ Kxf6 22. Bxg4 Rbe8+ 23. Kd2 Rd8 24. f3 b6 25. Rbe1 Rd6 26. Re4 g6 27. h5
gxh5 28. Rxh5 Rxh5 29. Bxh5 Rd5 30. Bg4 Rd6 31. Ke3 Na5 32. f4 Nb7 33. Re5 Nd8
34. Rf5+ Kg7 35. Rg5+ Kf6 36. Rf5+ Kg7 37. Bf3 c6 38. Be4 Ne6 39. Rh5 Nf8 40.
f5 Nh7 41. Kf4 Nf6 42. Rg5+ Kf7 43. Bf3 Nd5+ 44. Bxd5+ Rxd5 45. Rg6 c5 46. Ke4
Rd7 47. d5 b5 48. Rc6 c4 49. Ke5 Re7+ 50. Re6 b4 51. Rxe7+ Kxe7 52. Kd4 b3 53.
axb3 1-0

[Event "DEM U12/U12w 2009"]
[Site "Willingen GER"]
[Date "2009.06.02"]
[Round "5"]
[White "Nöttling, Dominik"]
[Black "Keller, Peter"]
[Result "0-1"]
[Termination "normal"]
[Board "24"]
[WhiteElo "1781"]
[BlackElo "1458"]
[PlyCount "154"]
[WhiteFideId "24672807"]
[BlackFideId "1272105"]
[EventCountry "GER"]
[EventRounds "11"]
[EventType "swiss"]
[EventDate "2009.05.30"]

1. e4 c5 2. Nf3 Nc6 3. d4 cxd4 4. Nxd4 Nf6 5. Nc3 e5 6. Ndb5 d6 7. Nd5 Nxd5 8.
exd5 Nb8 9. c4 Be7 10. Be3 O-O 11. Qd2 a6 12. Nc3 f5 13. f4 Nd7 14. Be2 Nf6 15.
O-O-O e4 16. Kb1 Bd7 17. h3 Qc7 18. Rhg1 Rfb8 19. Rc1 Qd8 20. g4 b5 21. Kc2 b4
22. Nb1 Qa5 23. Kd1 Qxa2 24. gxf5 Bxf5 25. Bg4 Nxg4 26. hxg4 Bd7 27. c5 dxc5
28. d6 Bf6 29. Rg2 Ba4+ 30. Ke1 Bh4+ 31. Bf2 e3 32. Qxe3 Re8 33. Qxe8+ Rxe8+
34. Kf1 Bb5+ 35. Kg1 Bxf2+ 36. Rxf2 Qd5 37. Rd2 Qe6 38. f5 Qe3+ 39. Kh1 Qxd2
40. Nxd2 Rd8 41. Nb3 c4 42. Na5 Rxd6 43. Nxc4 Rc6 44. b3 Bxc4 45. bxc4 a5 46.
Ra1 Rxc4 47. Rxa5 Rxg4 48. Rb5 Kf7 49. Kh2 Kf6 50. Kh3 Rc4 51. Kh2 Rc2+ 52. Kg1
Rc1+ 53. Kg2 Rb1 54. Kh2 b3 55. Kg2 h5 56. Kh2 b2 57. Kg2 h4 58. Kh2 Kg5 59.
Kg2 Kg4 60. Kh2 h3 61. f6 gxf6 62. Rb3 f5 63. Rb5 f4 64. Rb4 Kf3 65. Rb3+ Kf2
66. Rb4 f3 67. Rb3 Ke2 68. Rb4 f2 69. Re4+ Kf3 70. Rb4 f1=Q 71. Rf4+ Ke3 72.
Rf3+ Kd4 73. Rxf1 Rxf1 74. Kxh3 b1=Q 75. Kg2 Qc2+ 76. Kg3 Qf2+ 77. Kg4 Qg2+ 0-1

[Event "DEM U12/U12w 2009"]
[Site "Willingen GER"]
[Date "2009.06.02"]
[Round "5"]
[White "Lagunow, Elina"]
[Black "Manusina, Nicole"]
[Result "0-1"]
[Termination "normal"]
[Board "25"]
[WhiteElo "1726"]
[BlackElo "1685"]
[PlyCount "44"]
[WhiteFideId "4673387"]
[BlackFideId "24657514"]
[EventCountry "GER"]
[EventRounds "11"]
[EventType "swiss"]
[EventDate "2009.05.30"]

1. e4 c6 2. d4 d5 3. Nc3 dxe4 4. Nxe4 Bf5 5. Ng3 Bg6 6. h4 h6 7. Nf3 Nd7 8. h5
Bh7 9. Bd3 Bxd3 10. Qxd3 e6 11. Bd2 Ngf6 12. O-O-O Be7 13. Ne4 O-O 14. Rdg1 Ng4
15. Qe2 c5 16. Kb1 Qb6 17. Bc3 Rfd8 18. Rd1 Ngf6 19. Ne5 Nd5 20. Nxd7 Rxd7 21.
dxc5 Bxc5 22. Nxc5 Nxc3+ 0-1

[Event "DEM U12/U12w 2009"]
[Site "Willingen GER"]
[Date "2009.06.02"]
[Round "5"]
[White "Schmitt, Carsten"]
[Black "Zimmermann, Jasmin"]
[Result "1-0"]
[Termination "normal"]
[Board "26"]
[WhiteElo "1624"]
[BlackElo "1283"]
[PlyCount "157"]
[WhiteFideId "24661040"]
[BlackFideId "12900400"]
[EventCountry "GER"]
[EventRounds "11"]
[EventType "swiss"]
[EventDate "2009.05.30"]

1. d4 f5 2. e4 fxe4 3. Nc3 Nf6 4. Bg5 g6 5. f3 exf3 6. Nxf3 Bg7 7. Bc4 c6 8.
Qd2 d5 9. Bd3 O-O 10. O-O-O Re8 11. Rde1 Bg4 12. Ne5 Bc8 13. Rhf1 Nbd7 14. Nf3
Qc7 15. Bf4 Qd8 16. Re2 Nb6 17. b3 a5 18. a4 Bg4 19. Rfe1 Bxf3 20. gxf3 Nh5 21.
Bg5 Nf6 22. h4 Qd6 23. Kb2 e6 24. Bf4 Qe7 25. Rxe6 Qf7 26. Rxe8+ Rxe8 27. Rxe8+
Qxe8 28. Bc7 Nfd7 29. Ne2 Qa8 30. c3 Qf8 31. Qe3 Qf6 32. Bg3 Nc8 33. Qe8+ Nf8
34. Qxc8 Qxf3 35. Kc2 Bh6 36. Qe8 b6 37. Qe5 c5 38. Bf4 Bg7 39. Qe3 Qxe3 40.
Bxe3 Ne6 41. Kd2 Bf6 42. dxc5 bxc5 43. Nf4 Nxf4 44. Bxf4 Bxh4 45. Bc7 g5 46.
Bxa5 g4 47. Bc7 h5 48. a5 Bg5+ 49. Ke2 Be7 50. a6 c4 51. a7 cxd3+ 52. Kxd3 Kf7
53. a8=Q h4 54. Qxd5+ Ke8 55. Qe6 Kf8 56. Qxg4 Ke8 57. Qg8+ Kd7 58. Bg3 hxg3
59. Qxg3 Bd6 60. Qxd6+ Kxd6 61. Kd4 Kc6 62. c4 Kd6 63. b4 Kc6 64. Ke5 Kc7 65.
Kd5 Kd7 66. c5 Kc7 67. b5 Kd8 68. b6 Kc8 69. Kc6 Kb8 70. b7 Ka7 71. b8=Q+ Kxb8
72. Kd7 Kb7 73. c6+ Kb6 74. c7 Kb5 75. c8=Q Kb4 76. Qc6 Kb3 77. Qc5 Kb2 78. Qc4
Kb1 79. Qe2 1-0

[Event "DEM U12/U12w 2009"]
[Site "Willingen GER"]
[Date "2009.06.02"]
[Round "5"]
[White "Richter, Leonard"]
[Black "Reksten, Anne"]
[Result "1-0"]
[Termination "normal"]
[Board "27"]
[WhiteElo "1553"]
[BlackElo "1176"]
[PlyCount "143"]
[WhiteFideId "12900290"]
[BlackFideId "24692778"]
[EventCountry "GER"]
[EventRounds "11"]
[EventType "swiss"]
[EventDate "2009.05.30"]

1. e4 c6 2. d4 d5 3. exd5 cxd5 4. c4 Nf6 5. Nc3 Nc6 6. Bg5 e6 7. c5 Be7 8. Nf3
O-O 9. Bb5 Nd7 10. h4 Re8 11. Bd3 Nf6 12. Bxf6 Bxf6 13. Nb5 e5 14. Bxh7+ Kxh7
15. Ng5+ Kg8 16. Qh5 exd4+ 17. Kf1 Bf5 18. Qxf7+ Kh8 19. Qh5+ Kg8 20. Nd6 Bd3+
21. Kg1 Re7 22. Ndf7 Rxf7 23. Qxf7+ Kh8 24. Qh5+ Kg8 25. Rh3 Ne5 26. f4 Bg6 27.
Qe2 Nc6 28. Qe6+ Kh8 29. h5 Be8 30. h6 Bxg5 31. hxg7+ Kxg7 32. Rg3 Bf7 33. Qf5
Bg6 34. Rxg5 Qf6 35. Qg4 Kf7 36. f5 Ne5 37. fxg6+ Kg7 38. Qf5 Qxf5 39. Rxf5 Re8
40. Rf4 d3 41. Rd4 Rd8 42. Re1 Kf6 43. Kf2 Ke6 44. Rxd3 Kf6 45. Rg3 Nxg6 46.
Rf3+ Kg5 47. Rf7 b6 48. c6 Rc8 49. c7 d4 50. Rd7 Nf4 51. Rd1 Ne6 52. Ke2 Kf5
53. Rf1+ Ke5 54. Rff7 a6 55. g4 b5 56. g5 a5 57. g6 b4 58. g7 a4 59. Rf8 Nxf8
60. gxf8=Q Rxf8 61. Rd8 Rxd8 62. cxd8=Q b3 63. axb3 axb3 64. Kd3 Kf5 65. Qxd4
Ke6 66. Qc5 Kf6 67. Ke4 Ke6 68. Qb6+ Ke7 69. Ke5 Kf7 70. Qf6+ Ke8 71. Qg7 Kd8
72. Kd6 1-0

[Event "DEM U12/U12w 2009"]
[Site "Willingen GER"]
[Date "2009.06.02"]
[Round "5"]
[White "Wolff, Christopher"]
[Black "Oehne, Timo"]
[Result "1-0"]
[Termination "normal"]
[Board "28"]
[WhiteElo "1494"]
[BlackElo "1551"]
[PlyCount "29"]
[BlackFideId "24661635"]
[EventCountry "GER"]
[EventRounds "11"]
[EventType "swiss"]
[EventDate "2009.05.30"]

1. e4 c6 2. Nc3 d5 3. Nf3 Bg4 4. h3 Bh5 5. exd5 cxd5 6. Bb5+ Nc6 7. d4 Nf6 8.
g4 Bg6 9. Ne5 Qc7 10. g5 Ne4 11. Nxd5 Qa5+ 12. b4 Qd8 13. Nxc6 Qxd5 14. c4 Qd6
15. Na5+ 1-0

[Event "DEM U12/U12w 2009"]
[Site "Willingen GER"]
[Date "2009.06.02"]
[Round "5"]
[White "Senf, Paul"]
[Black "Wendland, Tobias"]
[Result "1-0"]
[Termination "normal"]
[Board "29"]
[WhiteElo "1330"]
[BlackElo "1622"]
[PlyCount "139"]
[WhiteFideId "12900389"]
[BlackFideId "24662267"]
[EventCountry "GER"]
[EventRounds "11"]
[EventType "swiss"]
[EventDate "2009.05.30"]

1. e4 e6 2. d4 d5 3. Nc3 Nf6 4. e5 Nfd7 5. f4 c5 6. Nce2 Nc6 7. c3 Be7 8. Nf3
O-O 9. g3 cxd4 10. cxd4 Bb4+ 11. Bd2 Be7 12. Bg2 f6 13. O-O Qb6 14. Bh3 Nb4 15.
a3 Nd3 16. Qc2 Qb5 17. Bxe6+ Kh8 18. Nc3 Qa6 19. Bxd7 Bxd7 20. Nxd5 Rac8 21.
Qd1 Bd8 22. Rb1 Bf5 23. Ra1 Nxb2 24. Qe1 Nc4 25. Rc1 Bg4 26. Ne3 Nxe3 27. Qxe3
Bb6 28. Kg2 Rcd8 29. e6 Bxf3+ 30. Qxf3 Rxd4 31. Bb4 Re8 32. e7 Qd3 33. Qxd3
Rxd3 34. Rfe1 Re3 35. Rxe3 Bxe3 36. Rc7 b5 37. Rd7 Bb6 38. Kf3 Kg8 39. f5 g6
40. g4 gxf5 41. gxf5 Kg7 42. Ke4 Kh6 43. Kd5 Kg5 44. Ke6 a5 45. Bd6 Bg1 46. Kf7
Rxe7+ 47. Rxe7 Kxf5 48. Re1 Bd4 49. Be7 Bb2 50. Rf1+ Kg4 51. Rb1 Bc3 52. Bxf6
b4 53. Bxc3 bxc3 54. Rc1 h5 55. Rxc3 h4 56. Ke6 Kf4 57. Kd6 Kg4 58. Kc5 a4 59.
Kb4 Kf4 60. Kxa4 Kg4 61. Kb5 Kf4 62. a4 Kg4 63. a5 Kf4 64. a6 Kg4 65. a7 Kf4
66. Rc4+ Kf3 67. a8=Q+ Kf2 68. Qa3 Ke2 69. Rc2+ Kd1 70. Qc1# 1-0

[Event "DEM U12/U12w 2009"]
[Site "Willingen GER"]
[Date "2009.06.02"]
[Round "5"]
[White "Schwarz, Larissa"]
[Black "Hecht, Carsten"]
[Result "0-1"]
[Termination "normal"]
[Board "31"]
[WhiteElo "1403"]
[BlackElo "1605"]
[PlyCount "120"]
[WhiteFideId "24699004"]
[BlackFideId "24693928"]
[EventCountry "GER"]
[EventRounds "11"]
[EventType "swiss"]
[EventDate "2009.05.30"]

1. e4 d5 2. exd5 Nf6 3. d4 Nxd5 4. Nf3 Bg4 5. c4 Nb6 6. Be3 e6 7. c5 Nd5 8. Be2
Nxe3 9. fxe3 Nc6 10. O-O Be7 11. Nc3 O-O 12. Qd2 Bxf3 13. Bxf3 Bxc5 14. Be4 Be7
15. Qc2 g6 16. Nb5 a6 17. Nc3 Bg5 18. Rae1 Bh6 19. Bxc6 bxc6 20. Ne4 f5 21. Nc5
Qd5 22. Qb3 Rfe8 23. Qxd5 cxd5 24. Re2 Bf8 25. Nd7 Red8 26. Ne5 c5 27. b3 Rac8
28. Rfe1 Bg7 29. Kf2 Bxe5 30. dxe5 Kf7 31. Rc1 Rd7 32. Rec2 Rdc7 33. Ke2 Ke7
34. Kd3 Kd7 35. a3 Rc6 36. Rc3 R8c7 37. R1c2 Kc8 38. a4 Kb7 39. a5 c4+ 40. bxc4
dxc4+ 41. Rxc4 Rxc4 42. Rxc4 Rxc4 43. Kxc4 Kc6 44. Kd4 Kb5 45. h3 h6 46. h4 g5
47. h5 Kb4 48. g3 Kb5 49. Kc3 Kxa5 50. Kc4 Kb6 51. Kb4 a5+ 52. Ka4 Ka6 53. Ka3
Kb5 54. Kb3 a4+ 55. Ka3 Ka5 56. Ka2 Kb4 57. Kb2 a3+ 58. Ka2 Ka4 59. Ka1 Kb3 60.
Kb1 Kc3 0-1

[Event "DEM U12/U12w 2009"]
[Site "Willingen GER"]
[Date "2009.06.02"]
[Round "5"]
[White "Srokovskiy, Andrea"]
[Black "Mehling, Katharina"]
[Result "1-0"]
[Termination "normal"]
[Board "32"]
[WhiteElo "1809"]
[BlackElo "1352"]
[PlyCount "107"]
[WhiteFideId "4624947"]
[BlackFideId "12900362"]
[EventCountry "GER"]
[EventRounds "11"]
[EventType "swiss"]
[EventDate "2009.05.30"]

1. e4 d6 2. d4 Nf6 3. Nc3 g6 4. Bg5 Bg7 5. f4 O-O 6. Qd2 c5 7. dxc5 dxc5 8.
O-O-O Qxd2+ 9. Rxd2 Nc6 10. Bc4 h6 11. Bh4 a6 12. a4 Rb8 13. Nf3 Na5 14. Be2
Be6 15. e5 Nh5 16. Bxe7 Rfc8 17. g3 Nc4 18. Bxc4 Bxc4 19. b3 Be6 20. Nd5 b5 21.
Bd6 Rb7 22. Ne7+ Rxe7 23. Bxe7 Rc6 24. axb5 axb5 25. Rd6 Rc7 26. Bd8 Ra7 27.
Kb2 c4 28. Nd4 Bg4 29. Nxb5 Rb7 30. Nc3 cxb3 31. cxb3 Bf8 32. Rd3 Be6 33. Ne4
Ng7 34. Rc1 Bf5 35. Nf6+ Kh8 36. Rdc3 Ra7 37. Ra1 Rb7 38. Rc7 Rxc7 39. Bxc7 Ne6
40. Rc1 Kg7 41. Ba5 h5 42. b4 Nd4 43. Rd1 Nf3 44. h4 Nh2 45. Kc3 Ng4 46. Nxg4
Bxg4 47. Rb1 f6 48. Kd4 Bf5 49. Rb2 Be7 50. b5 fxe5+ 51. fxe5 g5 52. hxg5 Bxg5
53. b6 Bc8 54. b7 1-0

[Event "DEM U12/U12w 2009"]
[Site "Willingen GER"]
[Date "2009.06.02"]
[Round "5"]
[White "Ismail, Nabil"]
[Black "Gabriel, Liem Thanh"]
[Result "1-0"]
[Termination "normal"]
[Board "33"]
[WhiteElo "1400"]
[BlackElo "1798"]
[PlyCount "79"]
[BlackFideId "24696005"]
[EventCountry "GER"]
[EventRounds "11"]
[EventType "swiss"]
[EventDate "2009.05.30"]

1. e4 e6 2. d4 d5 3. exd5 exd5 4. Nf3 Bd6 5. Bd3 Nf6 6. Bg5 Bg4 7. Nbd2 Nbd7 8.
O-O O-O 9. c3 c6 10. Qc2 Qc7 11. Rae1 Rfe8 12. Bh4 h6 13. Bg3 Bxg3 14. hxg3 b6
15. c4 Rac8 16. cxd5 Nxd5 17. Bc4 N7f6 18. Ne5 Be6 19. a3 Rcd8 20. Ndf3 Nd7 21.
Ba2 Nxe5 22. dxe5 Nb4 23. axb4 Bxa2 24. b3 Bxb3 25. Qxb3 c5 26. Rc1 Rc8 27. Qc4
Qe7 28. b5 Qb7 29. Ra1 Ra8 30. Rfb1 Qd7 31. Re1 Qc7 32. Ra2 Qb7 33. g4 Qc7 34.
Rae2 Qb7 35. e6 fxe6 36. Rxe6 Rxe6 37. Rxe6 Kh8 38. g5 hxg5 39. Nxg5 Rf8 40.
Qh4+ 1-0

[Event "DEM U12/U12w 2009"]
[Site "Willingen GER"]
[Date "2009.06.02"]
[Round "5"]
[White "Nitzsche, Pia"]
[Black "Peters, Tom"]
[Result "1/2-1/2"]
[Termination "normal"]
[Board "35"]
[WhiteElo "1350"]
[BlackElo "1528"]
[PlyCount "68"]
[WhiteFideId "12900370"]
[BlackFideId "24694444"]
[EventCountry "GER"]
[EventRounds "11"]
[EventType "swiss"]
[EventDate "2009.05.30"]

1. c4 c5 2. Nc3 g6 3. g3 Bg7 4. Bg2 Nc6 5. Nf3 d6 6. O-O e5 7. d3 Nge7 8. Bd2
O-O 9. Rb1 h6 10. a3 a5 11. Nb5 a4 12. Nc3 Nf5 13. Nxa4 Nfd4 14. Nc3 Nxf3+ 15.
Bxf3 Bh3 16. Bg2 Bxg2 17. Kxg2 f5 18. Nd5 Ne7 19. Nxe7+ Qxe7 20. a4 f4 21. a5
g5 22. b4 g4 23. bxc5 f3+ 24. exf3 gxf3+ 25. Kh1 dxc5 26. Re1 Rf7 27. Re3 Raf8
28. Re4 h5 29. d4 cxd4 30. Bb4 Qc7 31. Bxf8 Rxf8 32. Qa4 Ra8 33. Ra1 d3 34. Qb5
Ra6 1/2-1/2

[Event "DEM U12/U12w 2009"]
[Site "Willingen GER"]
[Date "2009.06.02"]
[Round "5"]
[White "Jermann, Isabel"]
[Black "Bajorski, Maria Sophie"]
[Result "1-0"]
[Termination "time forfeit"]
[Board "36"]
[WhiteElo "1328"]
[BlackElo "1485"]
[PlyCount "65"]
[BlackFideId "24654531"]
[EventCountry "GER"]
[EventRounds "11"]
[EventType "swiss"]
[EventDate "2009.05.30"]

1. d4 d5 2. c3 c5 3. Nf3 Nf6 4. g3 Bf5 5. Bg2 e6 6. O-O Nc6 7. Qb3 Qb6 8. Bg5
Be7 9. Nbd2 h6 10. Bf4 O-O 11. Ne5 cxd4 12. Nxc6 bxc6 13. Qxb6 axb6 14. cxd4 c5
15. dxc5 bxc5 16. a3 g5 17. Be5 Nd7 18. Bc3 Rab8 19. e4 d4 20. exf5 dxc3 21.
bxc3 exf5 22. a4 Nb6 23. a5 Na8 24. Rab1 Bf6 25. c4 Bc3 26. Rxb8 Rxb8 27. Rb1
Rd8 28. Nb3 Bb4 29. Bd5 Kg7 30. a6 Kf6 31. a7 Ke5 32. Ra1 Nc7 33. Bg2 1-0

[Event "DEM U12/U12w 2009"]
[Site "Willingen GER"]
[Date "2009.06.02"]
[Round "5"]
[White "Herbrig, Marie-Helen"]
[Black "Eichstaedt, Mirko"]
[Result "0-1"]
[Termination "normal"]
[Board "37"]
[WhiteElo "1248"]
[BlackElo "1450"]
[PlyCount "34"]
[WhiteFideId "12900427"]
[BlackFideId "24692310"]
[EventCountry "GER"]
[EventRounds "11"]
[EventType "swiss"]
[EventDate "2009.05.30"]

1. e4 e5 2. Nf3 Nf6 3. Nxe5 d6 4. Nf3 Nxe4 5. d4 d5 6. Bd3 Nc6 7. c3 Be7 8.
Nbd2 f5 9. Nb3 Qd6 10. Be3 O-O 11. O-O Rb8 12. Qc2 b5 13. Bxe4 fxe4 14. Nfd2
Qg6 15. Kh1 Qh5 16. h3 Bxh3 17. Rg1 Bg4# 0-1

[Event "DEM U12/U12w 2009"]
[Site "Willingen GER"]
[Date "2009.06.02"]
[Round "5"]
[White "Diederichs, Luise"]
[Black "Priese, Annika"]
[Result "0-1"]
[Termination "normal"]
[Board "38"]
[WhiteElo "1209"]
[BlackElo "1446"]
[PlyCount "62"]
[WhiteFideId "24661597"]
[BlackFideId "24673730"]
[EventCountry "GER"]
[EventRounds "11"]
[EventType "swiss"]
[EventDate "2009.05.30"]

1. c4 c6 2. Nc3 d5 3. e3 Nf6 4. d4 e6 5. b3 Nbd7 6. Bb2 Be7 7. Bd3 dxc4 8. Bxc4
b5 9. Bd3 a6 10. Nf3 Bb7 11. O-O c5 12. dxc5 Bxc5 13. Be2 O-O 14. Qc2 Qc7 15.
Rad1 Rfd8 16. Ng5 Nf8 17. Nge4 Be7 18. Rxd8 Rxd8 19. Qb1 Ng6 20. Rc1 Qb8 21.
Bf3 Nh4 22. Nxf6+ Bxf6 23. Bxb7 Qxb7 24. f3 Rd2 25. Ne4 Rxg2+ 26. Kf1 Bxb2 27.
Rd1 g6 28. Rd8+ Kg7 29. Ng5 Qb6 30. Rd7 Qxe3 31. Rxf7+ Kg8 0-1

[Event "DEM U12/U12w 2009"]
[Site "Willingen GER"]
[Date "2009.06.02"]
[Round "5"]
[White "Stolberg, Daniel"]
[Black "Faden, Maximilian"]
[Result "1-0"]
[Termination "time forfeit"]
[Board "39"]
[WhiteElo "1412"]
[BlackElo "1325"]
[PlyCount "74"]
[EventCountry "GER"]
[EventRounds "11"]
[EventType "swiss"]
[EventDate "2009.05.30"]

1. Nf3 d5 2. g3 Nf6 3. Bg2 Nc6 4. d3 e5 5. Nbd2 Bg4 6. O-O Qd7 7. b3 Bh3 8. Bb2
Bxg2 9. Kxg2 Bd6 10. e3 O-O-O 11. a4 e4 12. dxe4 dxe4 13. Nd4 h5 14. h4 Ng4 15.
Nc4 f6 16. Nb5 Rhg8 17. Ncxd6+ cxd6 18. Ba3 d5 19. Rc1 g5 20. Rh1 Qf5 21. Qe2
Qg6 22. Nd6+ Kc7 23. Nb5+ Kc8 24. c4 d4 25. exd4 Nxd4 26. Nxd4 Rxd4 27. Bc5 Rd3
28. Bxa7 Rgd8 29. Rce1 e3 30. Bb6 Rd2 31. Qf3 Rxf2+ 32. Qxf2 exf2 33. Re2 Re8
34. Rd1 f1=Q+ 35. Kxf1 Qf5+ 36. Kg1 Rf8 37. Red2 Qf2+ 1-0

[Event "DEM U12/U12w 2009"]
[Site "Willingen GER"]
[Date "2009.06.02"]
[Round "5"]
[White "Fell, Fabian"]
[Black "Fuchs, Linda"]
[Result "1-0"]
[Termination "normal"]
[Board "40"]
[WhiteElo "1488"]
[BlackElo "1202"]
[PlyCount "121"]
[WhiteFideId "24698873"]
[BlackFideId "12900435"]
[EventCountry "GER"]
[EventRounds "11"]
[EventType "swiss"]
[EventDate "2009.05.30"]

1. e4 c6 2. d4 d5 3. exd5 cxd5 4. Bd3 Nc6 5. c3 Nf6 6. Bf4 Bg4 7. Qb3 Na5 8.
Qa4+ Bd7 9. Qc2 h6 10. Nd2 e6 11. Ngf3 Be7 12. Ne5 O-O 13. Ndf3 Nc6 14. O-O Rc8
15. Qe2 Qb6 16. Rab1 Nxe5 17. Nxe5 Bd6 18. Nxd7 Nxd7 19. Bxd6 Qxd6 20. f4 Rfe8
21. Rf3 a6 22. Rbf1 b5 23. Rg3 Nf8 24. Qg4 g6 25. h4 f5 26. Qe2 Kf7 27. Qf3 Nd7
28. h5 Rg8 29. hxg6+ Rxg6 30. Rxg6 Kxg6 31. Qg4+ Kf6 32. Qh4+ Kg6 33. g4 Nf6
34. gxf5+ exf5 35. Kh1 Rh8 36. Rg1+ Kf7 37. Bxf5 Ke7 38. Rg7+ Kf8 39. Rg6 Kf7
40. Rxh6 Rxh6 41. Qxh6 Qe7 42. Qg6+ Kf8 43. Qh6+ Kf7 44. Bg6+ Kg8 45. Qh4 Kf8
46. Qh8+ Ng8 47. Qh2 Qe1+ 48. Kg2 Qe2+ 49. Kh3 Qe3+ 50. Qg3 Qe6+ 51. f5 Qe2 52.
Qb8+ Kg7 53. Qe5+ Qxe5 54. dxe5 Nh6 55. Kh4 a5 56. Kg5 b4 57. f6+ Kf8 58. Kxh6
a4 59. e6 a3 60. e7+ Kg8 61. e8=Q# 1-0

[Event "DEM U12/U12w 2009"]
[Site "Willingen GER"]
[Date "2009.06.02"]
[Round "5"]
[White "Böhme, Mathis"]
[Black "Cech, Tim"]
[Result "0-1"]
[Termination "normal"]
[Board "41"]
[WhiteElo "1190"]
[BlackElo "1410"]
[PlyCount "58"]
[WhiteFideId "12900443"]
[BlackFideId "1270258"]
[EventCountry "GER"]
[EventRounds "11"]
[EventType "swiss"]
[EventDate "2009.05.30"]

1. e4 e5 2. f4 exf4 3. Nf3 d6 4. d4 g5 5. h3 Nf6 6. Nc3 Bh6 7. Be2 Nc6 8. h4 g4
9. Nh2 Qe7 10. Nxg4 Bxg4 11. Bxg4 Nxe4 12. Qe2 Nxc3 13. Qxe7+ Kxe7 14. bxc3
Rae8 15. O-O Kd8 16. g3 Rhg8 17. Bf5 Rxg3+ 18. Kf2 Rxc3 19. Bxh7 Nxd4 20. Bb2
Re2+ 21. Kg1 Rg3+ 22. Kh1 Nf3 23. Bf6+ Kc8 24. Rxf3 Rxf3 25. Bf5+ Kb8 26. Rg1
Rg3 27. Ra1 f3 28. Bd3 Reg2 29. Bg5 Rh3# 0-1

[Event "DEM U12/U12w 2009"]
[Site "Willingen GER"]
[Date "2009.06.02"]
[Round "5"]
[White "Weber, Sandra"]
[Black "Edel, Fenja"]
[Result "0-1"]
[Termination "normal"]
[Board "42"]
[WhiteElo "1315"]
[BlackElo "1142"]
[PlyCount "66"]
[WhiteFideId "1270049"]
[BlackFideId "24696749"]
[EventCountry "GER"]
[EventRounds "11"]
[EventType "swiss"]
[EventDate "2009.05.30"]

1. e4 e6 2. d4 d5 3. Nd2 Nf6 4. Bd3 Be7 5. Ngf3 c5 6. c3 Nc6 7. Bc2 Qb6 8. e5
Nd7 9. Nf1 cxd4 10. cxd4 Bb4+ 11. Bd2 Nxd4 12. Bxb4 Nxf3+ 13. Qxf3 Qxb4+ 14.
Qc3 Qxc3+ 15. bxc3 Nxe5 16. Ne3 O-O 17. O-O Rd8 18. Rfd1 b6 19. Rac1 Ba6 20.
Bb3 Rac8 21. f4 Nc4 22. Nxc4 Bxc4 23. Rd4 Bxb3 24. axb3 Rc7 25. Kf2 Rdc8 26.
Rd3 f5 27. Ke3 Kf7 28. Kd4 Kf6 29. g3 b5 30. b4 Rc4+ 31. Ke3 g5 32. fxg5+ Kxg5
33. Kf3 d4 0-1

[Event "DEM U12/U12w 2009"]
[Site "Willingen GER"]
[Date "2009.06.02"]
[Round "5"]
[White "Lemke, Berfîn"]
[Black "Behr, Jessica"]
[Result "1/2-1/2"]
[Termination "normal"]
[Board "43"]
[WhiteElo "1312"]
[BlackElo "1053"]
[PlyCount "49"]
[WhiteFideId "1270578"]
[EventCountry "GER"]
[EventRounds "11"]
[EventType "swiss"]
[EventDate "2009.05.30"]

1. e4 e6 2. d4 d5 3. exd5 exd5 4. Bd3 Bd6 5. Qf3 h6 6. Be3 Nf6 7. h3 Be6 8. Ne2
Nbd7 9. Nd2 g5 10. Nc3 g4 11. Qe2 h5 12. Bg5 Rg8 13. Bh4 Qe7 14. O-O-O O-O-O
15. Rde1 Qf8 16. Kb1 Re8 17. Qd1 Qh6 18. Ne2 Bf4 19. Nb3 Ne4 20. Bxe4 dxe4 21.
Nxf4 Qxf4 22. Bg3 Qf5 23. Qd2 Kb8 24. Rd1 Nb6 25. Nc5 1/2-1/2

[Event "DEM U12/U12w 2009"]
[Site "Willingen GER"]
[Date "2009.06.02"]
[Round "5"]
[White "Heinemann, Josefine"]
[Black "Rahimi, Anita"]
[Result "1/2-1/2"]
[Termination "normal"]
[Board "44"]
[WhiteElo "1062"]
[BlackElo "1290"]
[PlyCount "80"]
[WhiteFideId "12900460"]
[BlackFideId "24692336"]
[EventCountry "GER"]
[EventRounds "11"]
[EventType "swiss"]
[EventDate "2009.05.30"]

1. e4 c5 2. Nf3 d6 3. d4 cxd4 4. Nxd4 Nc6 5. Bb5 Bd7 6. Be3 a6 7. Be2 e6 8. Nc3
Nf6 9. Nb3 Be7 10. Qd2 O-O 11. O-O-O Qc7 12. h4 b5 13. h5 b4 14. Nb1 Nxe4 15.
Qe1 Rac8 16. Bxa6 Ra8 17. Bd3 Nc5 18. Nxc5 dxc5 19. h6 g6 20. Qd2 Bf6 21. Bxg6
fxg6 22. Qxd7 Qxd7 23. Rxd7 Rxa2 24. Bxc5 Bxb2+ 25. Kd2 Rb8 26. Re1 e5 27. Rg7+
Kh8 28. Rc7 Rd8+ 29. Ke3 Bd4+ 30. Bxd4 Nxd4 31. Rd1 Kg8 32. Rg7+ Kf8 33. Rxh7
Nxc2+ 34. Ke2 Nd4+ 35. Kf1 Kg8 36. Rg7+ Kh8 37. Rxg6 Kh7 38. Rb6 Rf8 39. Rd2
Ra1 40. Rxb4 Kxh6 1/2-1/2

[Event "DEM U12/U12w 2009"]
[Site "Willingen GER"]
[Date "2009.06.02"]
[Round "5"]
[White "Bosse, Lea"]
[Black "Paliy, Margaryta"]
[Result "1-0"]
[Termination "normal"]
[Board "45"]
[WhiteElo "1254"]
[BlackElo "1047"]
[PlyCount "117"]
[WhiteFideId "12900419"]
[BlackFideId "24692417"]
[EventCountry "GER"]
[EventRounds "11"]
[EventType "swiss"]
[EventDate "2009.05.30"]

1. e4 e5 2. Nf3 Nc6 3. Bc4 Nd4 4. Nxd4 exd4 5. d3 Nf6 6. O-O Bb4 7. Nd2 Bxd2 8.
Bxd2 d5 9. exd5 Nxd5 10. Re1+ Be6 11. Qf3 c6 12. Re4 c5 13. Re5 Nc7 14. Bf4 O-O
15. Rxc5 Bxc4 16. Bxc7 Bd5 17. Qxd5 Qxd5 18. Rxd5 Rac8 19. Be5 Rxc2 20. Bxd4
Rfc8 21. h3 Rd2 22. Bxa7 Rxb2 23. Bd4 Rd2 24. Bc3 Rc2 25. Bb4 h6 26. Ba5 Re2
27. Kf1 Re6 28. Rd8+ Rxd8 29. Bxd8 Rd6 30. Be7 Rxd3 31. Ke2 Rd5 32. Re1 b5 33.
Kf3 Rd3+ 34. Re3 Rd2 35. Re2 Rd3+ 36. Ke4 Rd7 37. Bc5 Rc7 38. Kd5 Rd7+ 39. Kc6
Rd8 40. Kxb5 Rd5 41. Kc6 Rg5 42. g4 Kh7 43. Re7 Rg6+ 44. Kd7 Rf6 45. Ke8 Kg8
46. a4 Ra6 47. Ra7 Re6+ 48. Re7 Ra6 49. Rxf7 Ra8+ 50. Ke7 Rxa4 51. Rf8+ Kh7 52.
Ke6 Ra6+ 53. Kf5 g6+ 54. Ke5 Ra2 55. f4 Re2+ 56. Kf6 Rc2 57. Rf7+ Kh8 58. Kxg6
Rxc5 59. Rf8# 1-0